书目信息 |
| 题名: |
高级英语新视角学习辅导
|
|
| 作者: | 张镇华 主编 | |
| 分册: | 2 | |
| 出版信息: | 北京 外语教学与研究出版社 2008.05 |
|
| 页数: | 454页 | |
| 开本: | 20cm | |
| 丛书名: | ||
| 单 册: | ||
| 中图分类: | H31 | |
| 科图分类: | ||
| 主题词: | 英语--ying yu--自学参考资料 | |
| 电子资源: | ||
| ISBN: | 978-7-5600-7561-7 | |
| 000 | 01063cam0 2200265 450 | |
| 001 | CAL 012008118344 | |
| 005 | 20110831165605.76 | |
| 010 | @a978-7-5600-7561-7@dCNY20.90 | |
| 100 | @a20080616g20089999ekmy0chiy0121 ea | |
| 101 | 0 | @achi@aeng |
| 102 | @aCN@b110000 | |
| 105 | @ak z 000yy | |
| 106 | @ar | |
| 200 | 1 | @a高级英语新视角学习辅导@Agao ji ying yu xin shi jiao xue xi fu dao@d= A practical guide to advanced English new perspective@h2@f主编张镇华@zeng |
| 210 | @a北京@c外语教学与研究出版社@d2008.05 | |
| 215 | @a454页@d20cm | |
| 303 | @a据第2册著录 | |
| 330 | @a视角新 与其他同类学习指导书相比,《辅导》的每一个单元都包揽了文章的语篇结构、文体风格、逻辑修辞、近义词辨析等较高层次的知识和技能,并吸收了应用语言学诸学科,特别是篇章语言学、文体学、认知隐喻学等学科近二三十年来的最新研究理念和成果。 | |
| 510 | 1 | @aPractical guide to advanced English new perspective@zeng |
| 586 | @a | |
| 606 | 0 | @a英语@Aying yu@j自学参考资料 |
| 690 | @aH31@v5 | |
| 701 | 0 | @a张镇华@Azhang zhen hua@4主编 |
| 801 | 0 | @aCN@c20110610 |
| 905 | @dH31@eZ2405:2@f3 | |
| 高级英语新视角学习辅导= A practical guide to advanced English new perspective.2/主编张镇华.-北京:外语教学与研究出版社,2008.05 |
| 454页;20cm |
| ISBN 978-7-5600-7561-7:CNY20.90 |
| 视角新 与其他同类学习指导书相比,《辅导》的每一个单元都包揽了文章的语篇结构、文体风格、逻辑修辞、近义词辨析等较高层次的知识和技能,并吸收了应用语言学诸学科,特别是篇章语言学、文体学、认知隐喻学等学科近二三十年来的最新研究理念和成果。 |
| ● |
| 相关链接 |
|
|
|
正题名:高级英语新视角学习辅导
索取号:H31/Z2405:2
 
预约/预借
| 序号 | 登录号 | 条形码 | 馆藏地/架位号 | 状态 | 备注 |
| 1 | 1014387 | 210143879 | 语言库209/209语言库 91排1列1层/ [索取号:H31/Z2405:2] | 在馆 | |
| 2 | 1014388 | 210143888 | 语言库209/209语言库 91排1列1层/ [索取号:H31/Z2405:2] | 在馆 | |
| 3 | 1014389 | 210143897 | 语言库209/209语言库 91排1列1层/ [索取号:H31/Z2405:2] | 在馆 |